Central Library OPAC University of Rajshahi

Public adminstration in theory and practice / (Record no. 47301)

MARC details
000 -LEADER
fixed length control field 00598nam a2200205 a 4500
001 - CONTROL NUMBER
control field 47301
003 - CONTROL NUMBER IDENTIFIER
rucl marc code BD-RjUL
005 - DATE AND TIME OF LATEST TRANSACTION
control field 20211209054306.0
008 - FIXED-LENGTH DATA ELEMENTS--GENERAL INFORMATION
fixed length control field 160808s1975 II ||||| |b|| 001 0 eng d
035 ## - SYSTEM CONTROL NUMBER
System control number (BD-RjUL)47420
040 ## - CATALOGING SOURCE
Original cataloging agency BD-RjUL
Language of cataloging eng
Transcribing agency BD-RjUL
041 ## - LANGUAGE CODE
Language code of text/sound track or separate title eng
082 ## - DEWEY DECIMAL CLASSIFICATION NUMBER
Edition number 23
Classification number 354.54
Author mark and year SHP 1976
100 1# - MAIN ENTRY--PERSONAL NAME
Personal name Sharma, M.P.
9 (RLIN) 143970
245 10 - TITLE STATEMENT
Title Public adminstration in theory and practice /
Statement of responsibility, etc. M.P. Sharma
260 ## - PUBLICATION, DISTRIBUTION, ETC. (IMPRINT)
Place of publication, distribution, etc. Kalcutta :
Name of publisher, distributor, etc. K.P. Bagchi & co.,
Date of publication, distribution, etc. 1976
300 ## - PHYSICAL DESCRIPTION
Pagination xii, 700 p. :
Illustrations ill. ;
Size 23 cm.
650 ## - SUBJECT ADDED ENTRY--TOPICAL TERM
Topical term or geographic name as entry element Public administration --
Form subdivision Theory
9 (RLIN) 143971
942 ## - ADDED ENTRY ELEMENTS (KOHA)
Source of classification or shelving scheme Dewey Decimal Classification
Koha item type Books
Holdings
Lost status Source of classification or shelving scheme Damaged status Not for loan Collection code Permanent Location Current Location Shelving location Date acquired Source of acquisition Cost, normal purchase price Total Checkouts Full call number Date last seen Copy number Koha item type
  Dewey Decimal Classification     Non-fiction Central Library, University of Rajshahi Central Library, University of Rajshahi   07/04/1980 K.P. Bagchi 15.00   354.54 SHP 1976 08/08/2016 C-2 Books